000 00894nam0a22002411 4500
001 rc\702179
005 20250621215525.0
035 _a(NLR Aleph) 005937961
090 _a6648270
_c6648270
100 _a20031121d1985 |||y0rusy50 ca
101 0 _arus
102 _aRU
105 _aa |||||||||
200 1 _aСостояние и перспективы развития козоводства в Казахстане
_eАналит. обзор
_fБ.С. Даулетбаев, С.Б. Саудабаев, С. Исаев, С. Арынгазиев
_gГосплан КазССР, КазНИИНТИ
210 _aАлма-Ата
_cКазНИИНТИ
_d1985
215 _a[1], 57 с.
_cил.
_d20
320 _aБиблиогр.: с. 55-56
333 _aДСП. Экз. № 000003
801 0 _aRU
_bNLR
_gpsbo
801 1 _aRU
_bELAR
_2rusmarc
852 _aNLR
_j86-50К/1932
942 _cBOOK
980 _aNB